Famous Building ofthe World - Statistics

General Stats
  • This quiz has been taken 44 times
  • The average score is 12 of 20
Answer Stats
Picture Answer % Correct
Eiffel Tower
98%
Big Ben
93%
White House
90%
Leaning Tower of Pisa
88%
Taj Mahal
88%
Empire State Building
83%
Sydney Opera House
83%
Parthenon
70%
Space Needle
68%
Buckingham Palace
63%
Notre-Dame de Paris
63%
Sistine Chapel
50%
One World Trade Center
48%
Chrysler Building
40%
The Alamo
40%
Blue Mosque
33%
Madison Square Garden
33%
Tokyo Tower
33%
Independence Hall
23%
Shanghai Tower
10%
No matching quizzes found
Score Distribution
Percent of People with Each Score
Percentile by Number Answered
Your Score History
You have not taken this quiz